| 000 | 00369nam a22001457a 4500 | ||
|---|---|---|---|
| 003 | OSt | ||
| 008 | 250716b |||||||| |||| 00| 0 eng d | ||
| 020 | _a9789382998686 | ||
| 082 |
_a891.43100803581 _bM67H |
||
| 100 | _aDr. Hari Prasad Mishra | ||
| 245 | _aHindi Kavita Aur Rajniti | ||
| 260 |
_aNew Delhi _bShivank Prakashan _c2025 |
||
| 300 | _a180p | ||
| 942 |
_2ddc _cHB |
||
| 999 |
_c48477 _d48477 |
||